Singapore MRT Trivia - Statistics

General Stats
  • This quiz has been taken 131 times
  • The average score is 12 of 20
Answer Stats
Hint Answer % Correct
The first MRT line constructed North-south line
90%
First station to have 3 different MRT lines Dhoby Ghaut
84%
Number of stations in the Downtown line 35
74%
Number of (operational) stations in Bukit Panjang LRT (BPLRT) 13
71%
Number of NSL stations underground 11
70%
Number of cabins on a NSEWL train 6
70%
First station to complete construction on this line Toa Payoh
70%
Only station in DTL that connects to TEL Stevens
67%
Above-ground station with most number of platforms Jurong East
66%
Only station name that does not start with capital letter one-north
64%
Another station on the NSL with 3 different MRT lines Marina Bay
63%
Station that is the start of one line and the end of another Harbourfront
55%
Unopened station on DTL between Hillview and Beauty World Hume
51%
Northernmost station of Singapore Woodlands North
50%
Station deepest underground Bencoolen
49%
New MRT line in the West under construction, set to open from 2027 Jurong Region Line
43%
Station in BPLRT that ceased operations Ten Mile Junction
40%
_______ and _______ are adjacent stations on 2 different lines City Hall and Raffles Place
32%
Station with lowest passenger traffic Cashew
27%
Station that starts and ends with the same letter Newton Rochor
27%
No matching quizzes found
Score Distribution
Percent of People with Each Score
Percentile by Number Answered
Your Score History
You have not taken this quiz